000 00745 a2200265 4500
260 _aParis ; Bruxelles
260 _bDe Boeck
245 _aPréf. de Jean-Marie LEHN
300 _aXIX, 1432 p.
700 _aVOGEL, Pierre
650 _aChimie organique-Guides, manuel, etc.
300 _bill.,fig. ; 25 cm
440 _aChimie organique : Méthodes et modèles
260 _c1991
130 _lFr.
035 _a13440
500 _aComprend un index. - Bibliographie à la fin des chapitres
020 _a2-8041-2620-4
999 _c13464
_d13464